00351nam a2200133Ia 4500008004100000020001800041041000800059082001300067100001400080245003100094260005100125300001900176700002200195220530s9999 xx 000 0 und d a9788183715638 aeng a532bGAR aGarde R J aEngineeing Fluid Mechanics aChennaibScitech Publications I Pvat Ltdc2014 a1.1:AI11 PbPB a Mirajgaoker A G